<?xml version="1.0" encoding="UTF-8"?>
<record
    xmlns:xsi="http://www.w3.org/2001/XMLSchema-instance"
    xsi:schemaLocation="http://www.loc.gov/MARC21/slim http://www.loc.gov/standards/marcxml/schema/MARC21slim.xsd"
    xmlns="http://www.loc.gov/MARC21/slim">

  <leader>00326nam a2200145Ia 4500</leader>
  <controlfield tag="003">OSt</controlfield>
  <controlfield tag="008">191201s2018    xx            000 0 und d</controlfield>
  <datafield tag="082" ind1=" " ind2=" ">
    <subfield code="a">658.421</subfield>
    <subfield code="b">HIE</subfield>
  </datafield>
  <datafield tag="100" ind1=" " ind2=" ">
    <subfield code="a">HISRICH, Robert D</subfield>
  </datafield>
  <datafield tag="245" ind1=" " ind2="0">
    <subfield code="a">Entrepreneurship</subfield>
  </datafield>
  <datafield tag="260" ind1=" " ind2=" ">
    <subfield code="b">TMH</subfield>
    <subfield code="c">2018</subfield>
    <subfield code="a">New Delhi</subfield>
  </datafield>
  <datafield tag="300" ind1=" " ind2=" ">
    <subfield code="a">580</subfield>
  </datafield>
  <datafield tag="650" ind1=" " ind2=" ">
    <subfield code="a">B.Tech(ME)</subfield>
  </datafield>
  <datafield tag="942" ind1=" " ind2=" ">
    <subfield code="2">ddc</subfield>
    <subfield code="c">BK</subfield>
  </datafield>
  <datafield tag="999" ind1=" " ind2=" ">
    <subfield code="c">6837</subfield>
    <subfield code="d">6837</subfield>
  </datafield>
  <datafield tag="952" ind1=" " ind2=" ">
    <subfield code="0">0</subfield>
    <subfield code="1">0</subfield>
    <subfield code="2">ddc</subfield>
    <subfield code="4">0</subfield>
    <subfield code="7">0</subfield>
    <subfield code="8">BTECHME</subfield>
    <subfield code="a">PIET</subfield>
    <subfield code="b">PIET</subfield>
    <subfield code="d">2020-07-21</subfield>
    <subfield code="e">Kirti Prakashan</subfield>
    <subfield code="g">745.00</subfield>
    <subfield code="k">IN3884</subfield>
    <subfield code="l">0</subfield>
    <subfield code="o">658.421 HIE</subfield>
    <subfield code="p">30503</subfield>
    <subfield code="r">2019-12-04 00:00:00</subfield>
    <subfield code="v">506.60</subfield>
    <subfield code="w">2019-05-15</subfield>
    <subfield code="y">BK</subfield>
  </datafield>
  <datafield tag="952" ind1=" " ind2=" ">
    <subfield code="0">0</subfield>
    <subfield code="1">0</subfield>
    <subfield code="2">ddc</subfield>
    <subfield code="4">0</subfield>
    <subfield code="7">0</subfield>
    <subfield code="8">BTECHME</subfield>
    <subfield code="a">PIET</subfield>
    <subfield code="b">PIET</subfield>
    <subfield code="d">2020-07-21</subfield>
    <subfield code="e">Kirti Prakashan</subfield>
    <subfield code="g">745.00</subfield>
    <subfield code="k">IN3884</subfield>
    <subfield code="l">2</subfield>
    <subfield code="o">658.421 HIE</subfield>
    <subfield code="p">30504</subfield>
    <subfield code="r">2022-07-13 00:00:00</subfield>
    <subfield code="s">2022-07-08</subfield>
    <subfield code="v">506.60</subfield>
    <subfield code="w">2019-05-15</subfield>
    <subfield code="y">BK</subfield>
  </datafield>
  <datafield tag="952" ind1=" " ind2=" ">
    <subfield code="0">0</subfield>
    <subfield code="1">0</subfield>
    <subfield code="2">ddc</subfield>
    <subfield code="4">0</subfield>
    <subfield code="7">0</subfield>
    <subfield code="8">BTECHME</subfield>
    <subfield code="a">PIET</subfield>
    <subfield code="b">PIET</subfield>
    <subfield code="d">2020-07-21</subfield>
    <subfield code="e">Kirti Prakashan</subfield>
    <subfield code="g">745.00</subfield>
    <subfield code="k">IN3884</subfield>
    <subfield code="l">0</subfield>
    <subfield code="o">658.421 HIE</subfield>
    <subfield code="p">30505</subfield>
    <subfield code="r">2019-12-04 00:00:00</subfield>
    <subfield code="v">506.60</subfield>
    <subfield code="w">2019-05-15</subfield>
    <subfield code="y">BK</subfield>
  </datafield>
  <datafield tag="952" ind1=" " ind2=" ">
    <subfield code="0">0</subfield>
    <subfield code="1">0</subfield>
    <subfield code="2">ddc</subfield>
    <subfield code="4">0</subfield>
    <subfield code="7">0</subfield>
    <subfield code="8">BTECHME</subfield>
    <subfield code="a">PIET</subfield>
    <subfield code="b">PIET</subfield>
    <subfield code="d">2020-07-21</subfield>
    <subfield code="e">Kirti Prakashan</subfield>
    <subfield code="g">745.00</subfield>
    <subfield code="k">IN3884</subfield>
    <subfield code="l">0</subfield>
    <subfield code="o">658.421 HIE</subfield>
    <subfield code="p">30506</subfield>
    <subfield code="r">2019-12-04 00:00:00</subfield>
    <subfield code="v">506.60</subfield>
    <subfield code="w">2019-05-15</subfield>
    <subfield code="y">BK</subfield>
  </datafield>
  <datafield tag="952" ind1=" " ind2=" ">
    <subfield code="0">0</subfield>
    <subfield code="1">0</subfield>
    <subfield code="2">ddc</subfield>
    <subfield code="4">0</subfield>
    <subfield code="7">0</subfield>
    <subfield code="8">BTECHME</subfield>
    <subfield code="a">PIET</subfield>
    <subfield code="b">PIET</subfield>
    <subfield code="d">2020-07-21</subfield>
    <subfield code="e">Kirti Prakashan</subfield>
    <subfield code="g">745.00</subfield>
    <subfield code="k">IN3884</subfield>
    <subfield code="l">1</subfield>
    <subfield code="o">658.421 HIE</subfield>
    <subfield code="p">30507</subfield>
    <subfield code="r">2021-12-08 00:00:00</subfield>
    <subfield code="s">2021-10-08</subfield>
    <subfield code="v">506.60</subfield>
    <subfield code="w">2019-05-15</subfield>
    <subfield code="y">BK</subfield>
  </datafield>
  <datafield tag="952" ind1=" " ind2=" ">
    <subfield code="0">0</subfield>
    <subfield code="1">0</subfield>
    <subfield code="2">ddc</subfield>
    <subfield code="4">0</subfield>
    <subfield code="7">0</subfield>
    <subfield code="8">BTECHME</subfield>
    <subfield code="a">PIET</subfield>
    <subfield code="b">PIET</subfield>
    <subfield code="d">2020-07-21</subfield>
    <subfield code="e">Kirti Prakashan</subfield>
    <subfield code="g">745.00</subfield>
    <subfield code="k">IN3884</subfield>
    <subfield code="l">0</subfield>
    <subfield code="o">658.421 HIE</subfield>
    <subfield code="p">30508</subfield>
    <subfield code="r">2019-12-04 00:00:00</subfield>
    <subfield code="v">506.60</subfield>
    <subfield code="w">2019-05-15</subfield>
    <subfield code="y">BK</subfield>
  </datafield>
  <datafield tag="952" ind1=" " ind2=" ">
    <subfield code="0">0</subfield>
    <subfield code="1">0</subfield>
    <subfield code="2">ddc</subfield>
    <subfield code="4">0</subfield>
    <subfield code="7">0</subfield>
    <subfield code="8">BTECHME</subfield>
    <subfield code="a">PIET</subfield>
    <subfield code="b">PIET</subfield>
    <subfield code="d">2020-07-21</subfield>
    <subfield code="e">Kirti Prakashan</subfield>
    <subfield code="g">745.00</subfield>
    <subfield code="k">IN3884</subfield>
    <subfield code="l">0</subfield>
    <subfield code="o">658.421 HIE</subfield>
    <subfield code="p">30509</subfield>
    <subfield code="r">2019-12-04 00:00:00</subfield>
    <subfield code="v">506.60</subfield>
    <subfield code="w">2019-05-15</subfield>
    <subfield code="y">BK</subfield>
  </datafield>
  <datafield tag="952" ind1=" " ind2=" ">
    <subfield code="0">0</subfield>
    <subfield code="1">0</subfield>
    <subfield code="2">ddc</subfield>
    <subfield code="4">0</subfield>
    <subfield code="7">0</subfield>
    <subfield code="8">BTECHME</subfield>
    <subfield code="a">PIET</subfield>
    <subfield code="b">PIET</subfield>
    <subfield code="d">2020-07-21</subfield>
    <subfield code="e">Kirti Prakashan</subfield>
    <subfield code="g">745.00</subfield>
    <subfield code="k">IN3884</subfield>
    <subfield code="l">0</subfield>
    <subfield code="o">658.421 HIE</subfield>
    <subfield code="p">30510</subfield>
    <subfield code="r">2019-12-04 00:00:00</subfield>
    <subfield code="v">506.60</subfield>
    <subfield code="w">2019-05-15</subfield>
    <subfield code="y">BK</subfield>
  </datafield>
</record>
